Каталог выставки произведений живописи народного художника РСФСР Суло Юнтунена (Запись № 11972308)

Подробности
000 -МАРКЕР
контрольное поле 02625nam0a2200397 4500
001 - ИДЕНТИФИКАТОР ЗАПИСИ
контрольное поле RU\NLR\BIBL_A\012116863
005 - ИДЕНТИФИКАТОР ВЕРСИИ
контрольное поле 20260407030844.0
035 ## - ДРУГИЕ СИСТЕМНЫЕ НОМЕРА
Идентификатор записи (NLR Aleph) 012116863
100 ## - ДАННЫЕ ОБЩЕЙ ОБРАБОТКИ
Данные общей обработки 20191010d1976 |||y0rusy50 ca
101 0# - ЯЗЫК РЕСУРСА
Язык текста, звукозаписи и т.д. русский
-- финский
102 ## - СТРАНА ПУБЛИКАЦИИ ИЛИ ПРОИЗВОДСТВА
Страна публикации Российская Федерация
105 ## - ПОЛЕ КОДИРОВАННЫХ ДАННЫХ: ТЕКСТОВЫЕ МАТЕРИАЛЫ, МОНОГРАФИЧЕСКИЕ
Кодированные данные о монографическом текстовом документе ac b 110zy
200 1# - ЗАГЛАВИЕ И СВЕДЕНИЯ ОБ ОТВЕТСТВЕННОСТИ
Основное заглавие Каталог выставки произведений живописи народного художника РСФСР Суло Юнтунена
Сведения, относящиеся к заглавию выставка посвящена шестидесятилетию со дня рождения художника
Первые сведения об ответственности Министерство культуры КАССР, Союз художников КАССР, Музей изобразительных искусств КАССР
Последующие сведения об ответственности [составитель каталога: З. Юсупова
-- вступительная статья: О. Воронова]
210 ## - ПУБЛИКАЦИЯ, РАСПРОСТРАНЕНИЕ И ДР.
Место издания, распространения и т.д. Петрозаводск
Имя издателя, распространителя и т. д. Карелия
Дата издания, распространения и т.д. 1976
215 ## - ФИЗИЧЕСКАЯ ХАРАКТЕРИСТИКА
Специфическое обозначение материала и объем 54, [1] с.
Другие сведения о физической характеристике ил., портр.
Размеры 17х22
300 ## - ОБЩИЕ ПРИМЕЧАНИЯ
Текст примечания Загл. обл.: Суло Юнтунен
300 ## - ОБЩИЕ ПРИМЕЧАНИЯ
Текст примечания В вып. дан.: Суло Юнтунен: каталог
300 ## - ОБЩИЕ ПРИМЕЧАНИЯ
Текст примечания Тит. л. также на фин. яз.
300 ## - ОБЩИЕ ПРИМЕЧАНИЯ
Текст примечания Текст парал. рус., фин.
512 1# - ЗАГЛАВИЕ ОБЛОЖКИ
Заглавие обложки Суло Юнтунен
517 1# - ДРУГИЕ ВАРИАНТЫ ЗАГЛАВИЯ
Вариант заглавия Суло Юнтунен
Сведения, относящиеся к заглавию каталог
600 #1 - ИМЯ ЛИЦА КАК ПРЕДМЕТ
Начальный элемент ввода Юнтунен
Часть имени, кроме начального элемента ввода С. Х.
Даты 1915 - 1980
Расширение инициалов личного имени Суло Хейккиевич
Формальный подзаголовок Каталоги
Тематический подзаголовок Выставки
Географический подзаголовок Петрозаводск, город (Карелия)
Хронологический подзаголовок 1976
Системный номер авторитетной/нормативной записи 2426543
Идентификатор авторитетной/нормативной записи RU\NLR\AUTH\6601663072
601 02 - НАИМЕНОВАНИЕ ОРГАНИЗАЦИИ КАК ПРЕДМЕТ
Начальный элемент ввода Музей изобразительных искусств Республики Карелия
Идентифицирующий признак Петрозаводск, город
Формальный подзаголовок Каталоги
Тематический подзаголовок Выставки
Хронологический подзаголовок 1976
Системный номер авторитетной/нормативной записи 2426546
Идентификатор авторитетной/нормативной записи RU\NLR\AUTH\6601663074
686 1# - ИНДЕКСЫ ДРУГИХ КЛАССИФИКАЦИЙ
Индекс Щ143(2Р=Карел)7-8Юнтунен л62
686 1# - ИНДЕКСЫ ДРУГИХ КЛАССИФИКАЦИЙ
Индекс Щ101.3(2Р=Карел)-2Петрозаводск2Музей изобразительных искусств Республики Карелия л62
702 #1 - ИМЯ ЛИЦА - ВТОРИЧНАЯ ОТВЕТСТВЕННОСТЬ
Код отношения Составитель
Графика поля Кириллица
Материалы, к которым относится поле rus
Начальный элемент ввода Юсупова
Часть имени, кроме начального элемента ввода З. Г.
Дополнения к именам, кроме дат искусствовед
Даты 1937-
Расширение инициалов личного имени Зифа Габбасовна
Системный номер авторитетной/нормативной записи 163753
Идентификатор авторитетной/нормативной записи RU\NLR\AUTH\770163797
702 #1 - ИМЯ ЛИЦА - ВТОРИЧНАЯ ОТВЕТСТВЕННОСТЬ
Начальный элемент ввода Юнтунен
Часть имени, кроме начального элемента ввода С. Х.
Даты 1915-1980
Расширение инициалов личного имени Суло Хейккиевич
Код отношения Прочие
710 10 - НАИМЕНОВАНИЕ ОРГАНИЗАЦИИ - ПЕРВИЧНАЯ ОТВЕТСТВЕННОСТЬ
Начальный элемент ввода Юнтунен,
Место проведения временной организации Петрозаводск
Дата проведения временной организации 1976
Инверсированный элемент Суло Хейккиевич
Часть наименования, отличная от начального элемента ввода и от инверсированного элемента Выставка произведений
Системный номер авторитетной/нормативной записи 523396
Идентификатор авторитетной/нормативной записи RU\NLR\AUTH\8810012780
852 ## - МЕСТОНАХОЖДЕНИЕ И ШИФР ХРАНЕНИЯ
Идентификатор организации NLR
Шифр хранения (Call Number) Э КП/Ю-564
942 ## - ДОПОЛНИТЕЛЬНЫЕ ЭЛЕМЕНТЫ ЗАПИСИ (АБИС)
Тип экземпляра АБИС Книга
980 ## - КОЛЛЕКЦИЯ
Название коллекции Национальная библиография
Экземпляры
Тип экземпляра Дата поступления Библиотека постоянного хранения Библиотека текущего хранения Место хранения Штрих-код Статус экземпляра
Книга 11.10.2019 РНБ (Садовая) РНБ (Садовая) Фонд эстампов и фотографий (изоизданий) ERR-159134 Доставлен в Фoнд